000 00790nam a2200193 i 4500
001 151936
003 ES-MaACL
005 20250721193130.0
008 010801s1886 fr af |||| | fre d
040 _aCCPB | B
_bspa
_cCCPB | B
100 1 _aBerjón, A.
_928038
245 1 3 _aLa grande hystérie chez l'homme
_b: phénomènes d'inhibition et de dynamogénie, changements de la personnalité, action des médicaments à distance ... /
_cpar A. Berjon.
260 _aParis :
_bLibrairie J.B. Baillière et fils,
_c1886.
300 _a80 p., 10 h. de lám. ;
_c23 cm.
650 7 _aEnfermedades mentales
_2embne
_912263
650 0 4 _aHisteria.
_913371
852 _aES-MaACL
_jT-526-F-7
_z-- Enc. hol. conservando la cub. original
_z-- Enc. en un vol. facticio
999 _c151936
_d151936